000
00310nam a2200121Ia 4500
008
231129s1977||||xx |||||||||||||| ||spa||
082
_a
HAJ- 0295
100
_a
Parra Peña Isidro
245
0
_a
Escrutinio de los asentamientos humanos
260
_c
1977
264
_a
Bogotá: Tercer Mundo
942
_2
ddc
_c
BKS
999
_c
13369
_d
13369